| 000 | 00694nam a22001337a 4500 | ||
|---|---|---|---|
| 040 | _cRUA | ||
| 082 | _aAGR PEC 2020 B1-546 Or. | ||
| 100 | _aPECH PHANNA,ពេជ្រ ផាន់ណា | ||
| 245 | _aCOMPARE GROWTH AND YIELD PERFORMANCE CARROT VARIETIES ON PLANT IN SANDY LOAM,ការប្រៀបធៀបការលូតលាស់ និងទិន្នផលពូជការ៉ុតផ្សេងៗគ្នាក្នុងលក្ខខណ្ឌដីល្បាយខ្សាច់ | ||
| 260 |
_aphnom penh _brua _c2020 |
||
| 300 |
_ax.25p. _bill. _c29cm. |
||
| 856 | _uhttps://drive.google.com/file/d/1-lu4gjAKTSgbQUP-WB1pgHjII6O_u2Nq/view?usp=sharing | ||
| 942 | _cAGR | ||
| 999 |
_c21844 _d21844 |
||